Gaboykkum mercedezinum oru yathramozhi(ഗാബോയ്ക്കും മെർസെസിനും ഒരു യാത്രാമൊഴി) (Record no. 115301)

MARC details
000 -LEADER
fixed length control field 00586 a2200169 4500
005 - DATE AND TIME OF LATEST TRANSACTION
control field 20260427151138.0
008 - FIXED-LENGTH DATA ELEMENTS--GENERAL INFORMATION
fixed length control field 260420b |||||||| |||| 00| 0 eng d
020 ## - INTERNATIONAL STANDARD BOOK NUMBER
International Standard Book Number 9789354828898
080 ## - UNIVERSAL DECIMAL CLASSIFICATION NUMBER
Universal Decimal Classification number 89M-94
Item number GAR/G
100 ## - MAIN ENTRY--PERSONAL NAME
Personal name Garcia,Rodrigo
245 ## - TITLE STATEMENT
Title Gaboykkum mercedezinum oru yathramozhi(ഗാബോയ്ക്കും മെർസെസിനും ഒരു യാത്രാമൊഴി)
260 ## - PUBLICATION, DISTRIBUTION, ETC. (IMPRINT)
Name of publisher, distributor, etc D C books.
Place of publication, distribution, etc Kottayam.
Date of publication, distribution, etc 2022.
300 ## - PHYSICAL DESCRIPTION
Extent 144p.
653 ## - INDEX TERM--UNCONTROLLED
Uncontrolled term Memories-Spanish Literature-Malayalam Translation
700 ## - ADDED ENTRY--PERSONAL NAME
Personal name Mangad Rathnakaran;tr.by
942 ## - ADDED ENTRY ELEMENTS (KOHA)
item type Books
Holdings
Lost status Source of classification or shelving scheme Not for loan Home library Current library Date acquired Cost, normal purchase price Total Checkouts Full call number Barcode Date last seen Cost, replacement price Price effective from Koha item type Public note
  Universal Decimal Classification Not For Loan University Library University Library 02/03/2026 120.01   89M-94 GAR/G 00097381 02/03/2026 180.00 02/03/2026 Books Processing
University Library, CUSAT